Píľanský občasník

Bibliographic Details
Format: Serial
Language:Slovak
PhysicalDescription:zv. 30 cm
Published: Píla Obec Píla 2012-
ISSN:1339-7141
Subjects:

MARC

LEADER 00000cas a2200000 a 4500
001 vtls010689499
003 SK-MaSNL
005 20260228163502.0
008 150630c20129999xo fr| 0 0slo
022 |a 1339-7141 
040 |a SNK  |b slo  |c SNK  |e AACR2 
041 0 |a slo 
043 |a e-xo--- 
044 |a xo  |c SK 
072 7 |a 352/354  |x Stupne miestnej, oblastnej a ústrednej správy  |2 konspekt 
072 7 |a 316.7  |x Sociológia kultúry. Kultúrny život  |2 konspekt 
072 7 |a 394  |x Verejný a spoločenský život. Každodenný život  |2 konspekt 
080 |a 353.9  |2 2011 
080 |a 316.728  |2 2011 
080 |a 394  |2 2011 
080 |a 050  |2 2011 
080 |a (437.611)  |2 2011 
080 |a (051)+(054)  |2 2011 
210 0 |a Píľanský občas. 
222 0 |a Píľanský občasník 
245 0 0 |a Píľanský občasník 
260 |a Píla  |b Obec Píla  |c 2012- 
300 |a zv.  |c 30 cm 
310 |a 2x ročne 
362 0 |a Roč. I, č. 1 (2012)- 
500 |a Evidenčné č.: EV 4523/12 
650 0 7 |a územná samospráva  |2 SNKPH  |9 802 
650 0 7 |a každodenný život  |2 SNKPH  |9 4946 
651 7 |a Píla (Pezinok, Slovensko)  |2 SNKPHgeo  |9 159841 
655 7 |a miestne periodiká  |2 SNKPH  |9 160938 
910 |a snk 
999 |c 9541  |d 11471 
952 |0 0  |1 0  |4 0  |7 0  |8 0  |a SNK  |b SNK  |d 2018-11-23  |i snk2018/25019  |l 0  |o snkČSB 6887/3/2014  |p 17A1341128  |r 2026-02-21 22:06:17  |t č. 1-2  |w 2026-02-21  |y PREZ 
952 |0 0  |1 0  |4 0  |7 0  |8 0  |a SNK  |b SNK  |d 2018-11-23  |i snk2018/25019  |l 0  |o snkČSB 6887/4/2015  |p 17A1341127  |r 2026-02-21 22:06:17  |t č. 1-2  |w 2026-02-21  |y PREZ 
952 |0 0  |1 0  |4 0  |7 0  |8 0  |a SNK  |b SNK  |d 2018-11-23  |i snk2018/25019  |l 0  |o snkČSB 6887/5/2016  |p 17A1341126  |r 2026-02-21 22:06:17  |t č. 1-2  |w 2026-02-21  |y PREZ